000 003200000a22001450004500
001 005627
003 MACL
040 _aMACL
090 _c17620
_d17619
245 _aTaveel ul Quran
_bNaqvi Hakeem Mohd Hasan
260 _aMatba Riyazi Amroha,
_c1322
350 _a4.00
650 _aUrdu Literature
942 _k891
_cBook
999 _c17509
_d17509